Normale Ansicht MARC-Ansicht ISBD

AfD geht als Favorit in die Kommunalwahl (Titelsatznr. 373149)

[ MARC ]
MARC-Details
000 -Satzkennung
Kontrollfeld mit fester Länge 00730nab a2200193 4500
001 - Kontrollnummer
Kontrollfeld 244442
003 - Kontrollnummer Identifier
Kontrollfeld OSt
005 - Datum und Zeit der letzten Transaktion
Kontrollfeld 20240514132035.0
007 - Feld mit fester Länge zur physischen Beschreibung - Allgemeine Information
Kontrollfeld mit fester Länge tu
008 - Feld mit fester Länge zur physischen Beschreibung - Allgemeine Angaben
Kontrollfeld mit fester Länge 200917s2020|||||||
040 ## - Katalogisierungsquelle
Original-Katalogisierungsstelle DE-2950
Übertragungsstelle DE-2950
245 00 - Titel
Titel AfD geht als Favorit in die Kommunalwahl
Zusatz zum Titel Hansebarometer. Weniger Wochen vor der Wahl zur Stadtverordnetenversammlung in Frankfurt sieht eine Umfrage die Rechtsaußenpartei vor allen anderen Parteien. Wohin der Trend für Linke, SPD, CDU, Grüne und AfD geht/
Verfasserangabe etc. Heinz Kannenberg
264 ## - Produktion, Veröffentlichung, Distribution, Herstellung und Urheberrechtsvermerk
Datum der Herstellung, der Veröffentlichung, des Vertriebs oder des Urheberschutzvermerks 2024
653 ## - Indexierungsterm - Nicht normiert
Nicht-normierter Term Frankfurt (Oder)
653 ## - Indexierungsterm - Nicht normiert
Nicht-normierter Term Kommunalwahlen
653 ## - Indexierungsterm - Nicht normiert
Nicht-normierter Term Wahltrend
773 0# - Übergeordnete Einheit
Verknüpfungsangaben 35. Jahrgang (2024) Nr. 110 vom 13.05.2024, S. 13 mit Foto
Titel Märkische Oderzeitung
942 ## - Zusätzliche Felder (Koha)
Klassifikation oder Aufstellungssystematik Andere/Generische Klassifikation
Koha-Medientyp Aufsätze
Exemplare
Ausgeschieden Verloren Klassifikation oder Aufstellungssystematik Beschädigt Nicht entleihbar Heimatbibliothek Aufenthaltsbibliothek Aufstellungsort Erwerbungsdatum Anzahl Ausleihen Signatur Letzte Aktivität Preis gültig von Koha-Medientyp
    Andere/Generische Klassifikation     Stadtarchiv Frankfurt (Oder) | Archivbibliothek Stadtarchiv Frankfurt (Oder) | Archivbibliothek Magazin 14/05/2024   Z2 14/05/2024 14/05/2024 Aufsätze